| 000 | 00453nam a22001937a 4500 | ||
|---|---|---|---|
| 001 | nam a22 7a 4500 | ||
| 003 | OSt | ||
| 005 | 20210830151906.0 | ||
| 007 | nam a22 7a 4500 | ||
| 008 | 210830b |||||||| |||| 00| 0 eng d | ||
| 020 | _a8120308714 | ||
| 040 | _cHU | ||
| 082 | _a512/ART | ||
| 100 |
_aArtin Michael _9730 |
||
| 245 | _aALGEBRA | ||
| 260 |
_aNEW DELHI _bPRENTICE Hall of india _c2002 |
||
| 300 | _a618p. | ||
| 942 |
_2ddc _cBOOKS _n0 |
||
| 999 |
_c892 _d892 |
||